La province du Languedoc de A à Z - Statistiques

Statistiques générales
  • Ce quiz a été pris 15 fois
  • Le résultat moyen est 8 sur 26
Statistiques - réponses
Lettre Question Réponse % Correct
O Région actuelle correspondant à peu près au Languedoc Occitanie
92%
L Roi de France qui confie le comté de Toulouse à Amaury de Montfort (prénom et chiffre) Louis VIII
85%
X Traduction du prénom Javier en français Xavier
85%
A Croisade à la suite de laquelle le Languedoc a été rattaché à la France, contre les Albigeois
69%
D Voie romaine qui traverse le Languedoc. Via Domitia
62%
G Impôt sur le sel existant en Languedoc Gabelle
62%
W Peuple qui s'installe dans la région au Ve siècle Wisigoths
62%
H Lors de la 2e guerre punique les armées de ce général traversent la région Hannibal
54%
I Pape qui prêche la croisade contre les Cathares Innocent III
38%
U Ville intégré à ses possessions par le comte de Toulouse Raimond IV Uzès
38%
M Noble franc qui chasse les Sarrasins du Languedoc au VIIIe siècle (prénom et nom) Charles Martel
31%
P Roi de France qui contribue à chasser les Sarrasins du Languedoc (3 mots) Pépin le Bref
31%
B Ville ayant conclu une "union perpétuelle" avec Carcassonne et Toulouse en 1359 Beaucaire
23%
F Ordre créé à Toulouse par Saint Dominique (2 mots) Frères prêcheurs
15%
S Nom donné à la région du VIe au IXe siècle Septimanie
15%
V Peuple celte installé dans le Languedoc avant la conquête romaine Volques | Volces
15%
E Oppidum situé dans l'actuel département de l'Hérault occupé du VIe siècle avant J.C au 1er siècle après J.C. Ensérune
8%
C Comté incorporé au Languedoc par Louis XVI Caraman
0%
J Juridiction dans l'ancien Languedoc Jugerie
0%
K Nom du héros du film de Arnaud des Pallières tourné en 2013 dans le Gard. Michael... Kohlhaas
0%
N Nom donné à la région par les Romains (2 mots) Narbonnaise première
0%
Q Courte rivière de l'Aude qui se jette dans l'Aston à Aston Quiol
0%
R Souveraine mythique de Toulouse (2 mots) Reine Pédauque
0%
T Beaucaire, Nîmes et Carcassonne formait le pays des (2 mots) Trois sénéchaussées
0%
Y Film de Jean-Henri Meunier tourné dans le Languedoc Y'a pire ailleurs
0%
Z Film de Robert Enrico de 1986 Zone rouge
0%
Aucun quiz correspondant
Distribution des résultats
% des personnes avec chaque résultat
Percentile par nombre de réponses
Votre historique - résultats
Vous n’avez pas pris ce quiz